000 00222 a2200097 4500
001 58011
100 _a
245 _aIntroduction to Flight
260 _aNew York
_bMc Graw Hill International
_c2005
090 _c35519
_d35519
942 _aNUST-CAE
_c
_c28357
999 _c293084
_d293084